000 01799cad a22002175a 4500
001 L144653
008 110419s2008 xxkabd f s f000 0 eng d
035 _a(Sirsi) u144653
041 0 _aeng
050 0 4 _a333.72 $2 18
110 2 _aUnited Kingdom
_bDepartment for Environment, Food and Rural Affairs
245 0 0 _aSustainable development indicators in your pocket 2008
_ban update of the UK government strategy indicators
_h[electronic resource]
260 _aLondon
_bDEFRA
_c2008
505 2 _aOverall messages from the indicators -- UK framework indicators -- Understanding the indicators -- Greenhouse gas emissions -- Electricity generation -- Carbon dioxide and other emissions -- Resource use -- Waste -- natural resources -- Contextual indicators -- Society -- Employment and poverty -- Education -- Health -- Mobility and access -- Social justice/environmental equality -- International -- Wellbeing
520 _aProvides details of 68 indicators through which to review government progress, along with other evidence, in four priority areas: sustainable consumption and production; climate change and energy; protecting natural resources and enhancing the environment and creating sustainable communities and a fairer world. Presents and assesses the indicators, measures of everyday concerns including health; housing; jobs; education and our environment to help illustrate the range of challenges involved with sustainable development.
521 _aAdvanced
651 4 _aEngland and Wales
_y1543-
690 _aENVIRONMENTAL AND LAND CONSULTANCY-SUSTAINABILITY-SUSTAINABLE DEVELOPMENT
856 4 0 _uhttps://consumption.education.gov.uk/publications/eOrderingDownload/SDIYP2008_a6.pdf
_zView the item free of charge online at https://consumption.education.gov.uk
942 _n0
999 _c108579
_d108579